000 00609nam a2200229 i 4500
001 C2-0215956
003 PPAK
005 20180728104540.0
008 990509s1984 my |||| ||||| | may d
020 _a9679420280
040 _aPPAK
_beng
_cPPAK
_erda
082 0 4 _a899.232
_2 23
090 0 0 _a899.232
_bMAN
_dKSA
100 0 _aMana Sikana,
_eauthor
245 1 0 _aTok Awang
264 1 _aBangi, Selangor :
_bUniversiti Kebangsaan Malaysia ,
_c1984
300 _a310 pages ;
_c21 cm
336 _2rdacontent
_atext
337 _2rdamedia
_aunmediated
338 _2rdacarrier
_avolume
942 _ddc
_cB
999 _c159646
_d159646